Biblioteca

La biblioteca pública : análisis a manifiestos y directrices / Gloria María Rodríguez Santanmaría (Registro nro. 48933)

Detalles MARC
000 -LÍDER
Campo fijo de descripción fija 005600000a22001570004500
020 ## - NÚMERO INTERNACIONAL NORMALIZADO PARA LIBROS
Número Internacional Normalizado del libro 978-958-98337-0-4
082 04 - NÚMERO DE CLASIFICACIÓN DECIMAL DEWEY
Número de clasificación Material Bibliografico de Coordinacion R696b
001 - NÚMERO DE CONTROL
Campo de control 1776
100 1# - ASIENTO PRINCIPAL--NOMBRE PERSONAL
Nombre personal Rodríguez Santanmaría, Gloria María
245 10 - TÍTULO
Título del Material La biblioteca pública : análisis a manifiestos y directrices / Gloria María Rodríguez Santanmaría
260 ## - PUBLICACIÓN, DISTRIBUCIÓN, ETC. (PIE DE IMPRENTA)
Lugar de publicación, distribución, etc. Colombia : Comfenalco Atioquia
300 ## - DESCRIPCIÓN FÍSICA
Extensión 68 P.
650 14 - ASIENTO SECUNDARIO DE MATERIA - TERMINO TEMÁTICO
Término temático o nombre geográfico como elemento de entrada Bibliotecas Públicas \ Guias para Bibliotecas Públicas
942 ## - TIPO DE MATERIAL (KOHA)
Tipo de Item KOHA Z- Libro General BINCO
Existencias
Estado de Material Estado de Perdido Volumen-Parte/Tomo Estado de Dañado No para Préstamo Tomo Biblioteca de Origen Biblioteca Permanente Fecha de Adquisición Total de Préstamos Signatura Topográfica Código de Barras Última vez visto Ejemplar/Existencia Fecha de Remplazo Tipo de Material
            Biblioteca Infantil Comunitaria BINCO Biblioteca Infantil Comunitaria BINCO 05/11/2008   Material Bibliografico de Coordinacion R696b B31795 24/11/2016 1 26/01/2016 Z- Libro General BINCO

Biblioteca FUSBC | Teléfono: (57+4) 349 88 10 Ext. 141| WhatsApp (+57) 3005338115 
E-mail: biblioteca@unisbc.edu.co | Calle 76 87-14 Robledo Palenque, Medellín, Colombia

Con tecnología Koha